000 00759nam a2200205Ia 4500
999 _c39900
_d39900
001 6505
003 GE_BSU
005 20191119141934.0
008 181216s1955||||g |||||||||||||| ||geo||
040 _cGE_BSU
041 _ageo
080 _a821.353.1-1 გ-12
100 _aგაბესკირია, ვიქტორ
_95430
245 _aერთტომეული :
_bლექსები /
_cვიქტორ გაბესკირია ; რედ. ი. ხოშტარია.
264 _aთბილისი :
_bსახელგამი,
_c1955.
300 _a302 გვ. ;
_c21 სმ.
653 _aლექსები
700 _aხოშტარია, ი.
_eრეადაქტორი
_94108
942 _cBK
_2udc